000 00573nam a2200217Ia 4500
003 OSt
005 20250425145932.0
008 220927b |||||||| |||| 00| 0 eng d
020 _a0761922555
037 _cTextual
040 _aSDCL
_cSDCL
_beng
041 _2eng
_aeng
084 _aS4 P2
100 _aThomas, Jay C.
_9443078
245 0 _aHandbook of mental health in the workplace.
260 _aLondon :
_bSage Publications,
_c2002.
300 _ax,574p.
_ccm.
700 _aHersen, Michel
_9443079
942 _cTEXL
_2CC
_n0
999 _c758243
_d758243